Como acercarse : La Filosofía

Bibliographic Details
Main Author: Olive, León
Format: Section = Libro
Language:Undetermined
Spanish
Published: México Lexus Editores 2006
Edition:2a.ed
Subjects:
LEADER 00508nam a2200205Ia 4500
008 240830s9999 xx 000 0 und d
020 |a 968-18-6829-3 
040 |a B-ESTELÍ- RUACS / 100 O48 
041 |a spa 
082 |a 100 O48  
100 1 |a Olive, León 
245 1 0 |a Como acercarse : La Filosofía 
250 |a 2a.ed 
260 |a México  |b Lexus Editores  |c 2006 
300 |a 176 p:il 
650 7 |a FILOSOFIA-VALORES-MORAL 
650 7 |b  RAZONAMIENTO 
942 |c BK  |2 ddc 
991 |a TEXTO 
999 |c 10615